000 00299nam a2200109Ia 4500
008 160531s9999 xx 000 0 und d
100 _aNikolaev, Igor.
245 _aNotes on Noncommutative Geometry
245 _cby Igor Nikolaev
260 _c2015
856 _uhttp://arxiv.org/pdf/1503.05411v1.pdf
999 _c295133
_d295133